| 000 | 00678cam a22002171 4500 | ||
|---|---|---|---|
| 001 | unk85016441 | ||
| 003 | DLC | ||
| 005 | 20260227112802.0 | ||
| 008 | 850613s1855 gw 000 0 lat | ||
| 010 | _aunk85016441 | ||
| 040 |
_aDLC _cCarP _dDLC |
||
| 043 | _ae-gx--- | ||
| 050 | 0 | 0 |
_aKKC9430.15 _b.A84 1855 |
| 100 | 1 |
_aAchenbach, Heinrich von, _d1829-1899. |
|
| 245 | 0 | 0 |
_aDe veteri civium Siegenensium statuto / _cHenricus Achenbach. |
| 260 |
_aBonnae, _btypis C. George, _c1855. |
||
| 300 |
_avi, 48 p. _b22 cm. |
||
| 650 | 0 |
_aDomestic relations _zGermany _zSiegen. |
|
| 650 | 0 |
_aInheritance and succession _zGermany _zSiegen. |
|
| 650 | 0 |
_aHusband and wife _zGermany _zSiegen. |
|
| 999 |
_c91631 _d91631 |
||